| 000 | 00506cam a2200205 a 4500 | ||
|---|---|---|---|
| 005 | 20260322212049.0 | ||
| 008 | data | ||
| 010 | _a 99032485 | ||
| 020 | _a0684862956 | ||
| 020 | _a9780684862958 | ||
| 040 |
_aDLC _cDLC _dDLC |
||
| 050 | 0 | 0 |
_aPR6052.R4296 _bM377 1999 |
| 082 | 0 | 0 |
_a823/.914 _221 |
| 100 | 1 | _aBrett, Simon. | |
| 245 | 1 | 0 |
_aMrs. Pargeter's point of honour / _cSimon Brett. |
| 250 | _a1st Scribner ed. | ||
| 260 |
_aNew York : _bScribner, _c1999. |
||
| 300 |
_a265 p. ; _c23 cm. |
||
| 001 | data | ||
| 999 |
_c1171 _d1171 |
||